GLIMPSES OF WORLD RELIGIONS (Record no. 88)
[ view plain ]
| 000 -LEADER | |
|---|---|
| fixed length control field | 00415nam a2200181Ia 4500 |
| 003 - CONTROL NUMBER IDENTIFIER | |
| control field | OSt |
| 005 - DATE AND TIME OF LATEST TRANSACTION | |
| control field | 20241126110329.0 |
| 008 - FIXED-LENGTH DATA ELEMENTS--GENERAL INFORMATION | |
| fixed length control field | 160523b xxu||||| |||| 00| 0 eng d |
| 040 ## - CATALOGING SOURCE | |
| Transcribing agency | GBC |
| 082 ## - DEWEY DECIMAL CLASSIFICATION NUMBER | |
| Classification number | 200 |
| Item number | GLI |
| 110 ## - MAIN ENTRY--CORPORATE NAME | |
| Relationship | Jaico Publishing House |
| 245 ## - TITLE STATEMENT | |
| Title | GLIMPSES OF WORLD RELIGIONS |
| 260 ## - PUBLICATION, DISTRIBUTION, ETC. | |
| Name of publisher, distributor, etc. | JAICO PUBLISHING HOUSE |
| 260 ## - PUBLICATION, DISTRIBUTION, ETC. | |
| Date of publication, distribution, etc. | 1983 |
| 300 ## - PHYSICAL DESCRIPTION | |
| Extent | 267p. |
| 653 ## - INDEX TERM--UNCONTROLLED | |
| Uncontrolled term | Religion |
| 942 ## - ADDED ENTRY ELEMENTS (KOHA) | |
| Edition | 6TH |
| Source of classification or shelving scheme | Dewey Decimal Classification |
| Koha item type | Books |
| Koha issues (borrowed), all copies | 33 |
| Withdrawn status | Lost status | Source of classification or shelving scheme | Damaged status | Not for loan | Home library | Current Library | Shelving location | Date acquired | Total checkouts | Total renewals | Full call number | Barcode | Date last seen | Date last checked out | Copy number | Price effective from | Koha item type |
|---|---|---|---|---|---|---|---|---|---|---|---|---|---|---|---|---|---|
| Dewey Decimal Classification | GRACE BIBLE COLLEGE | GRACE BIBLE COLLEGE | Philosophy and Religion | 2016-05-23 | 14 | 1 | 200 GLI | 007169 | 2025-05-01 | 2024-07-24 | c.1 | 2016-05-23 | Books | ||||
| Dewey Decimal Classification | GRACE BIBLE COLLEGE | GRACE BIBLE COLLEGE | Philosophy and Religion | 2017-08-07 | 13 | 200 GLI | 007170 | 2025-09-24 | 2025-09-22 | c.2 | 2017-08-07 | Books | |||||
| Dewey Decimal Classification | GRACE BIBLE COLLEGE | GRACE BIBLE COLLEGE | Philosophy and Religion | 2023-07-19 | 9 | 200 GLI | 016374 | 2025-10-06 | 2025-10-01 | c.3 | 2023-07-19 | Books |